000 00343nam a2200145 i 4500
001 bg
100 1 _aSENCZYK, Dominik
245 0 _aLaboratorium z rentgenografii strukturalnej /
_cD. Senczyk.
250 _aWyd.2.
260 _aPoznaƄ,
_c1982.
040 _cBPK
041 _apol
942 _cKS
008 s pl f |000 0 pol
999 _c3368
_d3368
856 _uhttp://koha.tu.koszalin.pl/cgi-bin/koha/opac-detail.pl?biblionumber=3368
_yKatalog online BPK